Les meilleurs buteurs de ligue 1 en activité - Statistiques

Statistiques générales
  • Ce quiz a été pris 1 477 fois
  • Le résultat moyen est 12 sur 20
Statistiques - réponses
Nationalité Nombre de buts Joueur % Correct
2 France 135 Kylian Mbappé
99%
1 Uruguay 138 Edinson Cavani
98%
5 Suède 113 Zlatan Ibrahimovic
93%
16 Brésil 69 Neymar
84%
8 France 100 Alexandre Lacazette
82%
18 Colombie 65 Radamel Falcao
73%
3 France 126 Wissam Ben Yedder
70%
9 France 99 Dimitri Payet
66%
16 Tunisie 69 Wahbi Khazri
62%
19 Pays-Bas 63 Memphis Depay
61%
6 France 103 André-Pierre Gignac
57%
13 Algérie 79 Andy Delort
54%
12 France 86 Florian Thauvin
53%
10 Turquie 92 Mevlüt Erding
42%
4 France 122 Bafétimbi Gomis
41%
11 France 87 Kévin Gameiro
40%
7 France 102 Jimmy Briand
39%
14 France 73 Nolan Roux
22%
15 France 71 Loïc Rémy
19%
20 France 61 Romain Hamouma
19%
Aucun quiz correspondant
Distribution des résultats
% des personnes avec chaque résultat
Percentile par nombre de réponses
Votre historique - résultats
Vous n’avez pas pris ce quiz